[Event "Palic Karadzic Memorial op"]
[Site "Palic"]
[Date "2017.11.01"]
[Round "7"]
[White "Garbisu de Goni, Unai"]
[Black "Fitzsimons, David"]
[Result "0-1"]
[WhiteElo "2411"]
[BlackElo "2337"]
[PlyCount "62"]
[EventDate "2017.10.28"]
[EventType "swiss"]
[EventRounds "9"]
[EventCountry "SRB"]
[SourceTitle "CBM 181 Extra"]
[Source "ChessBase"]
[SourceDate "2017.12.12"]
[SourceVersion "1"]
[SourceVersionDate "2017.12.12"]
[SourceQuality "1"]

1. e4 g6 2. d4 Bg7 3. Nf3 d6 4. Bc4 Nc6 5. h3 Nf6 6. Qe2 e5 7. dxe5 Nxe5 8. Nxe5 dxe5 9. 0-0 0-0 10. Nc3 c6 11. Be3 b5 12. Rad1 Qc7 13. Bd3 Nh5 14. Qf3 Nf4 15. Bc5 Rd8 16. Ne2 Be6 17. b3 Nxd3 18. Rxd3 Qa5 19. Nc3 Rxd3 20. Qxd3 Rd8 21. Qe3 Rd7 22. a3 h5 23. Rd1 Rxd1+ 24. Nxd1 Kh7 25. Qc3 Qd8 26. Qe1 a5 27. Qe2 Bf8 28. Bxf8 Qxf8 29. b4 axb4 30. axb4 Qxb4 31. c3 Qb1 0-1

[Event "Navarra-chT"]
[Site "Navarra"]
[Date "2016.10.29"]
[Round "4.1"]
[White "Garbisu de Goni, Unai"]
[Black "Torres Aldabe, Mikel"]
[Result "1-0"]
[WhiteElo "2422"]
[BlackElo "1775"]
[PlyCount "49"]
[EventDate "2016.10.08"]
[EventType "team-tourn"]
[EventRounds "7"]
[EventCountry "ESP"]
[SourceTitle "CBM 175 Extra"]
[Source "ChessBase"]
[SourceDate "2016.12.12"]
[SourceVersion "1"]
[SourceVersionDate "2016.12.12"]
[SourceQuality "1"]
[WhiteTeam "Orvina"]
[BlackTeam "Arrano Elkartea"]
[WhiteTeamCountry "ESP"]
[BlackTeamCountry "ESP"]

1. e4 c5 2. Nf3 d6 3. d4 cxd4 4. Nxd4 Nf6 5. Nc3 a6 6. Be3 e6 7. Qd2 Be7 8. f3 b5 9. a4 bxa4 10. Nxa4 Nfd7 11. Be2 Bb7 12. 0-0 Nc6 13. c4 Nc5 14. Bd1 0-0 15. b4 Nxa4 16. Bxa4 Rc8 17. Bxc6 Bxc6 18. Rxa6 Bd7 19. Rc1 d5 20. exd5 exd5 21. c5 Bf6 22. c6 Qc7 23. Nb5 Qe5 24. cxd7 Rxc1+ 25. Qxc1 1-0

[Event "Navarra-chT"]
[Site "Navarra"]
[Date "2016.10.15"]
[Round "2.1"]
[White "Garbisu de Goni, Unai"]
[Black "Jimenez Almeida, Luis David"]
[Result "1-0"]
[WhiteElo "2422"]
[BlackElo "2222"]
[PlyCount "83"]
[EventDate "2016.10.08"]
[EventType "team-tourn"]
[EventRounds "7"]
[EventCountry "ESP"]
[SourceTitle "CBM 175 Extra"]
[Source "ChessBase"]
[SourceDate "2016.12.12"]
[SourceVersion "1"]
[SourceVersionDate "2016.12.12"]
[SourceQuality "1"]
[WhiteTeam "Orvina"]
[BlackTeam "San Juan"]
[WhiteTeamCountry "ESP"]
[BlackTeamCountry "ESP"]

1. e4 Nf6 2. e5 Nd5 3. d4 d6 4. Nf3 Bg4 5. exd6 exd6 6. Be2 Be7 7. 0-0 0-0 8. h3 Bh5 9. c4 Nb6 10. Nc3 Nc6 11. b3 Bf6 12. Be3 Re8 13. Rc1 d5 14. c5 Nc8 15. b4 Bg6 16. b5 Na5 17. Bf4 Ne7 18. Ne5 Bf5 19. Bf3 Be6 20. Re1 Nf5 21. Qd3 Nh4 22. Bg4 Bxe5 23. Bxe5 Bxg4 24. hxg4 Ng6 25. Bg3 c6 26. bxc6 Nxc6 27. Rxe8+ Qxe8 28. Rb1 Qd7 29. Qb5 Rd8 30. Qxb7 Qe6 31. Nb5 h6 32. f3 Qf6 33. Rd1 Na5 34. Qc7 Nc4 35. Nd6 Ne3 36. Rd3 Nc2 37. Nxf7 Re8 38. Ne5 Nf4 39. Bxf4 Qxf4 40. Qd7 Qc1+ 41. Kh2 Rxe5 42. dxe5 1-0

[Event "Atarrabia op 26th"]
[Site "Atarrabia"]
[Date "2016.03.19"]
[Round "3"]
[White "Garbisu de Goni, Unai"]
[Black "Grigoryan, Karen H"]
[Result "0-1"]
[WhiteElo "2420"]
[BlackElo "2612"]
[PlyCount "78"]
[EventDate "2016.03.19"]
[EventType "swiss (rapid)"]
[EventRounds "9"]
[EventCountry "ESP"]
[SourceTitle "CBM 171 Extra"]
[Source "ChessBase"]
[SourceDate "2016.04.26"]
[SourceVersion "1"]
[SourceVersionDate "2016.04.26"]
[SourceQuality "1"]

1. e4 c5 2. Nf3 d6 3. d4 cxd4 4. Nxd4 Nf6 5. Nc3 a6 6. Be3 e5 7. Nf3 Qc7 8. a4 Be7 9. Be2 0-0 10. 0-0 b6 11. Nd2 Be6 12. Bd3 Nbd7 13. Qe2 Qb7 14. f4 exf4 15. Bxf4 Ne5 16. Nf3 Nxd3 17. cxd3 d5 18. e5 Nd7 19. Kh1 b5 20. axb5 axb5 21. Nd4 Rxa1 22. Rxa1 b4 23. Ncb5 Qb6 24. Be3 Bc5 25. Nxe6 fxe6 26. Bxc5 Qxc5 27. d4 Qc4 28. Qxc4 dxc4 29. Kg1 Rb8 30. Nd6 Nb6 31. Rc1 b3 32. Kf2 Na4 33. Ke2 Nxb2 34. Kd2 Rf8 35. Nxc4 Rf2+ 36. Kc3 Nxc4 37. Kxb3 Ne3 38. Rc6 Nf5 39. Kc3 Rc2+ 0-1

[Event "Mem Jose Luis Gorostidi 25th"]
[Site "Navarra"]
[Date "2015.03.21"]
[Round "6"]
[White "Garbisu de Goni, Unai"]
[Black "Epishin, Vladimir"]
[Result "0-1"]
[WhiteElo "2426"]
[BlackElo "2563"]
[PlyCount "74"]
[EventDate "2015.03.21"]
[EventType "swiss (blitz)"]
[EventRounds "9"]
[EventCountry "ESP"]
[SourceTitle "EXT 2024"]
[Source "ChessBase"]
[SourceDate "2023.10.10"]
[SourceVersion "1"]
[SourceVersionDate "2023.10.10"]
[SourceQuality "1"]

1. e4 g6 2. d4 Bg7 3. c4 d6 4. Nc3 Nc6 5. Nge2 Nf6 6. h3 0-0 7. g3 e5 8. Be3 exd4 9. Nxd4 Ne5 10. f4 Ned7 11. Bg2 Re8 12. 0-0 Nc5 13. Qc2 c6 14. Bf2 a5 15. Rad1 Qc7 16. Rfe1 Bd7 17. g4 Rad8 18. b3 Bc8 19. a3 h5 20. g5 Nh7 21. b4 axb4 22. axb4 Na6 23. Na4 Nxb4 24. Qb3 Na6 25. Ne2 Qe7 26. Bb6 Rd7 27. h4 Nc5 28. Nxc5 dxc5 29. Rxd7 Bxd7 30. Qa3 Bf8 31. Nc3 Qe6 32. Qa2 Qg4 33. Rf1 Qxh4 34. Na4 Bh3 35. Nxc5 Qg4 36. e5 Nxg5 37. fxg5 Rxe5 0-1

[Event "Mem Jose Luis Gorostidi 25th"]
[Site "Navarra"]
[Date "2015.03.21"]
[Round "3"]
[White "Iturrizaga Bonelli, Eduardo"]
[Black "Garbisu de Goni, Unai"]
[Result "1-0"]
[WhiteElo "2630"]
[BlackElo "2426"]
[PlyCount "90"]
[EventDate "2015.03.21"]
[EventType "swiss (blitz)"]
[EventRounds "9"]
[EventCountry "ESP"]
[SourceTitle "EXT 2024"]
[Source "ChessBase"]
[SourceDate "2023.10.10"]
[SourceVersion "1"]
[SourceVersionDate "2023.10.10"]
[SourceQuality "1"]

1. Nf3 f5 2. c4 Nf6 3. g3 g6 4. Bg2 Bg7 5. 0-0 0-0 6. d4 d6 7. b3 e5 8. dxe5 Ng4 9. Nc3 dxe5 10. Ba3 e4 11. Bxf8 Qxf8 12. Nd4 Qc5 13. e3 Na6 14. a3 c6 15. Qd2 Bd7 16. Rfd1 Re8 17. Rac1 Qe7 18. b4 Ne5 19. c5 Nc7 20. Bf1 g5 21. Be2 Qf6 22. b5 Qg6 23. b6 axb6 24. cxb6 Ne6 25. Na4 f4 26. Nxe6 Bxe6 27. exf4 gxf4 28. Qxf4 Rf8 29. Qh4 Bd5 30. Nc3 Qf7 31. Rf1 Bc4 32. Qxe4 Nf3+ 33. Qxf3 Qxf3 34. Bxf3 Rxf3 35. Rfe1 Bd4 36. Re8+ Kg7 37. Re7+ Kg6 38. Nd1 Ba6 39. Ne3 Bxb6 40. Kg2 Rf8 41. f4 Bd8 42. f5+ Kh6 43. Re6+ Kg7 44. Rd1 Bg5 45. Rd7+ Kg8 1-0

[Event "Figueres op 13th"]
[Site "Figueres"]
[Date "2012.08.15"]
[Round "8"]
[White "Soumya, Swaminathan"]
[Black "Garbisu de Goni, Unai"]
[Result "0-1"]
[WhiteElo "2271"]
[BlackElo "2461"]
[PlyCount "116"]
[EventDate "2012.08.09"]
[EventType "swiss"]
[EventRounds "9"]
[EventCountry "ESP"]
[SourceTitle "CBM 149 Extra"]
[Source "ChessBase"]
[SourceDate "2012.08.24"]
[SourceVersion "1"]
[SourceVersionDate "2012.08.24"]
[SourceQuality "1"]

1. e4 e5 2. Nf3 Nc6 3. Bb5 a6 4. Ba4 Nf6 5. 0-0 Be7 6. Re1 b5 7. Bb3 d6 8. c3 0-0 9. h3 Na5 10. Bc2 c5 11. d4 Nd7 12. Nbd2 exd4 13. cxd4 Nc6 14. d5 Nce5 15. a4 Rb8 16. Nxe5 Nxe5 17. f4 Ng6 18. Nf3 Bh4 19. Rf1 Bg3 20. f5 Ne5 21. Ng5 h6 22. f6 g6 23. axb5 Bh4 24. Nf3 Bxf6 25. Bxh6 Rxb5 26. Bxf8 Kxf8 27. Nxe5 Bxe5 28. Bd3 Rb6 29. Qf3 Qc7 30. Ra2 Kg7 31. Qe2 Qe7 32. Bxa6 Bxa6 33. Rxa6 Rxb2 34. Qg4 Qb7 35. Ra3 Rb1 36. Raf3 Rxf1+ 37. Rxf1 c4 38. Qe2 c3 39. Qc4 Qa7+ 40. Kh1 Qe3 41. Qc7 Bf4 42. Qc4 Be5 43. Qc7 Bf4 44. Qc4 g5 45. Rxf4 gxf4 46. Qc8 f3 47. Qg4+ Kf6 48. Qh4+ Ke5 49. Qe7+ Kd4 50. gxf3 Qxf3+ 51. Kh2 Qf4+ 52. Kg1 Qg3+ 53. Kf1 Qxh3+ 54. Kf2 Qe3+ 55. Kf1 c2 56. Qa7+ Kd3 57. Qa6+ Kd2 58. Qa5+ Qc3 0-1

[Event "Figueres op 13th"]
[Site "Figueres"]
[Date "2012.08.13"]
[Round "6"]
[White "Serra Pages, Jordi"]
[Black "Garbisu de Goni, Unai"]
[Result "0-1"]
[WhiteElo "2224"]
[BlackElo "2461"]
[PlyCount "104"]
[EventDate "2012.08.09"]
[EventType "swiss"]
[EventRounds "9"]
[EventCountry "ESP"]
[SourceTitle "CBM 149 Extra"]
[Source "ChessBase"]
[SourceDate "2012.08.24"]
[SourceVersion "1"]
[SourceVersionDate "2012.08.24"]
[SourceQuality "1"]

1. d4 f5 2. g3 Nf6 3. Bg2 g6 4. c4 Bg7 5. Nc3 0-0 6. Nf3 d6 7. 0-0 Nc6 8. d5 Na5 9. Nd2 c5 10. Rb1 a6 11. b3 Rb8 12. Qc2 Qc7 13. Bb2 b5 14. e3 e5 15. dxe6 Bxe6 16. Nd5 Bxd5 17. Bxf6 Bxg2 18. Bxg7 Qxg7 19. Kxg2 Rfd8 20. h4 Nc6 21. Nf3 Qb7 22. Qd1 Ne5 23. Qd5+ Qxd5 24. cxd5 Nxf3 25. Kxf3 Re8 26. Rfd1 Kf7 27. Rbc1 a5 28. a3 Re4 29. Ke2 Rbe8 30. Rd3 Kf6 31. Rc2 Ra8 32. Rb2 h6 33. Rb1 Ra7 34. Rh1 Re8 35. Ra1 Ke5 36. Rb1 Rh8 37. a4 Rb8 38. Ra1 bxa4 39. Rxa4 Rb4 40. Ra3 a4 41. bxa4 Raxa4 42. Kf3 Rxa3 43. Rxa3 Kxd5 44. Ra7 c4 45. Rc7 Rb5 46. Ke2 Rc5 47. Rg7 c3 48. Kd1 c2+ 49. Kc1 Ke4 50. Rxg6 Rc6 51. Rxh6 Kd3 52. Rf6 Rb6 0-1

[Event "Euskadi-chT (Vasca) Div Honor"]
[Site "Bergara"]
[Date "2012.03.03"]
[Round "8.5"]
[White "Garbisu de Goni, Unai"]
[Black "Ruiz Gomez, Alejandro"]
[Result "1-0"]
[WhiteElo "2450"]
[BlackElo "2413"]
[PlyCount "87"]
[EventDate "2012.01.14"]
[EventType "team-tourn"]
[EventRounds "9"]
[EventCountry "ESP"]
[SourceTitle "EXT 2024"]
[Source "ChessBase"]
[SourceDate "2023.10.10"]
[SourceVersion "1"]
[SourceVersionDate "2023.10.10"]
[SourceQuality "1"]
[WhiteTeam "Orvina"]
[BlackTeam "Ruta de Europa"]
[WhiteTeamCountry "ESP"]
[BlackTeamCountry "ESP"]

1. e4 e5 2. Nf3 Nc6 3. Bb5 a6 4. Ba4 Nf6 5. 0-0 Nxe4 6. d4 b5 7. Bb3 d5 8. dxe5 Be6 9. c3 Be7 10. Nbd2 Nc5 11. Bc2 d4 12. cxd4 Nxd4 13. Nxd4 Qxd4 14. Nf3 Qxd1 15. Rxd1 0-0 16. Nd4 Rfd8 17. Be3 Bd5 18. Nf5 Bf8 19. Nd6 cxd6 20. Rxd5 Ne6 21. exd6 Rxd6 22. Rad1 Rxd5 23. Rxd5 Rc8 24. Bd3 Bc5 25. Bd2 Bd4 26. b3 Bc3 27. Be3 Rd8 28. Rxd8+ Nxd8 29. a4 bxa4 30. bxa4 a5 31. Kf1 Nc6 32. Ke2 g6 33. Be4 Ne5 34. f4 Ng4 35. Bg1 Kf8 36. Kd3 Be1 37. Bf3 Nf6 38. Kc4 Ke7 39. Kb5 Ne8 40. Kc6 Nf6 41. Bc5+ Ke6 42. Bb6 Ne8 43. Bd5+ Kf6 44. Kd7 1-0

[Event "Euskadi-chT (Vasca) Div Honor"]
[Site "Bergara"]
[Date "2011.03.05"]
[Round "9.3"]
[White "Garbisu de Goni, Unai"]
[Black "Gonzalez de la Torre, Santiago"]
[Result "0-1"]
[WhiteElo "2442"]
[BlackElo "2412"]
[PlyCount "81"]
[EventDate "2011.01.08"]
[EventType "team-tourn"]
[EventRounds "9"]
[EventCountry "ESP"]
[SourceTitle "EXT 2024"]
[Source "ChessBase"]
[SourceDate "2023.10.10"]
[SourceVersion "1"]
[SourceVersionDate "2023.10.10"]
[SourceQuality "1"]

1. e4 c5 2. Nf3 e6 3. d4 cxd4 4. Nxd4 a6 5. Nc3 Qc7 6. Bd3 Nf6 7. f4 b5 8. Qe2 Bb7 9. a3 Nc6 10. Nf3 b4 11. axb4 Nxb4 12. 0-0 Be7 13. e5 Nxd3 14. Qxd3 Nd5 15. Nxd5 Bxd5 16. b3 f5 17. exf6 Bxf6 18. Ra2 Qc3 19. Qxc3 Bxc3 20. Bd2 Rc8 21. Bxc3 Rxc3 22. Nd4 Bb7 23. Ra4 Kd8 24. Rd1 Kc7 25. Rd2 Rf8 26. Ne2 Rc5 27. c4 g5 28. g3 Rcf5 29. Ra1 e5 30. Rad1 gxf4 31. Rxd7+ Kc8 32. gxf4 exf4 33. Rg7 f3 34. Ng3 f2+ 35. Kf1 Re5 36. Ne2 Rxe2 37. Kxe2 Bf3+ 38. Kxf2 Bxd1+ 39. Ke1 Bc2 40. b4 Bg6 41. b5 0-1

[Event "Euskadi-chT (Vasca) Div Honor"]
[Site "Bergara"]
[Date "2011.01.22"]
[Round "3"]
[White "Miguel Quintero, Francisco"]
[Black "Garbisu de Goni, Unai"]
[Result "1/2-1/2"]
[WhiteElo "2260"]
[BlackElo "2442"]
[PlyCount "49"]
[EventDate "2011.01.08"]
[EventType "team-tourn"]
[EventRounds "9"]
[EventCountry "ESP"]
[SourceTitle "EXT 2024"]
[Source "ChessBase"]
[SourceDate "2023.10.10"]
[SourceVersion "1"]
[SourceVersionDate "2023.10.10"]
[SourceQuality "1"]

1. e4 c5 2. Nf3 Nc6 3. c3 Nf6 4. e5 Nd5 5. d4 cxd4 6. cxd4 d6 7. exd6 Qxd6 8. Nc3 e6 9. Bd3 Be7 10. 0-0 0-0 11. Re1 Nf6 12. Nb5 Qd8 13. Bf4 a6 14. Nc3 b6 15. Qe2 Nb4 16. Bc4 Nbd5 17. Nxd5 Nxd5 18. Bg3 Bb7 19. Rac1 b5 20. Bb3 Qb6 21. Ne5 Qxd4 22. Rcd1 Qa7 23. Nxf7 Rxf7 24. Qxe6 Bc5 25. Bxd5 1/2-1/2

[Event "Euskadi-chT (Vasca) Div Honor"]
[Site "Bergara"]
[Date "2011.01.15"]
[Round "2"]
[White "Garbisu de Goni, Unai"]
[Black "Edouard, Romain"]
[Result "1/2-1/2"]
[WhiteElo "2442"]
[BlackElo "2634"]
[PlyCount "70"]
[EventDate "2011.01.08"]
[EventType "team-tourn"]
[EventRounds "9"]
[EventCountry "ESP"]
[SourceTitle "EXT 2024"]
[Source "ChessBase"]
[SourceDate "2023.10.10"]
[SourceVersion "1"]
[SourceVersionDate "2023.10.10"]
[SourceQuality "1"]

1. e4 c5 2. Nf3 d6 3. d4 cxd4 4. Nxd4 Nf6 5. Nc3 Nc6 6. f3 e5 7. Nb3 Be7 8. Be3 Be6 9. Qe2 0-0 10. 0-0-0 Qc8 11. g4 a5 12. g5 Nd7 13. Qb5 b6 14. Kb1 Nc5 15. Nd5 Bd8 16. h4 Rb8 17. Nxc5 bxc5 18. Qa6 Qxa6 19. Bxa6 Nd4 20. Bxd4 cxd4 21. Bc4 g6 22. Rd3 Kg7 23. c3 Rc8 24. Bb3 Bxd5 25. Bxd5 dxc3 26. bxc3 h6 27. gxh6+ Kxh6 28. Kc2 Kh5 29. Bb3 Rc6 30. Ba4 Rb6 31. Rd5 f5 32. Rxa5 fxe4 33. fxe4 Rf2+ 34. Kd3 Rf3+ 35. Kc4 Re3 1/2-1/2

[Event "Pamplona Puente Foral m 5th"]
[Site "Pamplona"]
[Date "2010.12.04"]
[Round "2"]
[White "Huerga Leache, Mikel"]
[Black "Garbisu de Goni, Unai"]
[Result "1-0"]
[WhiteElo "2415"]
[BlackElo "2444"]
[PlyCount "61"]
[EventDate "2010.12.03"]
[EventType "swiss"]
[EventRounds "6"]
[EventCountry "ESP"]
[SourceTitle "EXT 2024"]
[Source "ChessBase"]
[SourceDate "2023.10.10"]
[SourceVersion "1"]
[SourceVersionDate "2023.10.10"]
[SourceQuality "1"]

1. Nf3 f5 2. d3 d5 3. g3 Nf6 4. Bg2 Nc6 5. d4 Be6 6. 0-0 g6 7. Ng5 Bg8 8. c4 h6 9. cxd5 Nxd5 10. Nf3 e6 11. Nc3 Bg7 12. Nxd5 exd5 13. Qb3 Rb8 14. Bf4 Be6 15. Qe3 Kf7 16. Rac1 Qe7 17. h4 Rbc8 18. Rc5 Rhe8 19. Rfc1 Qf8 20. Qb3 Nxd4 21. Nxd4 Bxd4 22. Rxc7+ Rxc7 23. Rxc7+ Kg8 24. Bxd5 Qf6 25. Rc8 Kf7 26. Rxe8 Bxd5 27. Qxd5+ Kxe8 28. Qxb7 Bb6 29. Qc8+ Kf7 30. Qd7+ Kg8 31. Qe8+ 1-0

[Event "Euskadi-chT"]
[Site "Bergara"]
[Date "2010.01.30"]
[Round "4.3"]
[White "Garbisu de Goni, Unai"]
[Black "Hernandez Izaguirre, Eder"]
[Result "1-0"]
[WhiteElo "2448"]
[BlackElo "2106"]
[PlyCount "69"]
[EventDate "2010.01.09"]
[EventType "team-tourn"]
[EventRounds "9"]
[EventCountry "ESP"]
[SourceTitle "EXT 2011"]
[Source "ChessBase"]
[SourceDate "2010.11.26"]
[SourceVersion "1"]
[SourceVersionDate "2010.11.26"]
[SourceQuality "1"]

1. e4 c5 2. Nf3 e6 3. d4 cxd4 4. Nxd4 a6 5. c4 Nf6 6. Nc3 Qc7 7. Be3 Bb4 8. Bd3 Nc6 9. Rc1 d5 10. cxd5 exd5 11. Nxc6 bxc6 12. exd5 Nxd5 13. Bd4 Qf4 14. Bxg7 Rg8 15. g3 Bg4 16. gxf4 Bxd1 17. Kxd1 Rxg7 18. Nxd5 cxd5 19. Rc6 Kd7 20. Rh6 Bd6 21. Rh4 Rb8 22. b3 a5 23. Bxh7 Rb4 24. Bf5+ Kc7 25. Ke2 Rxf4 26. Rxf4 Bxf4 27. Kf3 Be5 28. h4 Rg8 29. h5 Rb8 30. h6 Rb4 31. Rh5 a4 32. Bc2 axb3 33. Bxb3 Rf4+ 34. Kg2 Bd4 35. f3 1-0

[Event "Euskadi-chT"]
[Site "Bergara"]
[Date "2010.01.16"]
[Round "2.4"]
[White "Garbisu de Goni, Unai"]
[Black "Edouard, Romain"]
[Result "1/2-1/2"]
[WhiteElo "2448"]
[BlackElo "2608"]
[PlyCount "76"]
[EventDate "2010.01.09"]
[EventType "team-tourn"]
[EventRounds "9"]
[EventCountry "ESP"]
[SourceTitle "EXT 2011"]
[Source "ChessBase"]
[SourceDate "2010.11.26"]
[SourceVersion "1"]
[SourceVersionDate "2010.11.26"]
[SourceQuality "1"]

1. e4 c5 2. Nf3 d6 3. d4 cxd4 4. Nxd4 Nf6 5. Nc3 Nc6 6. f3 e5 7. Nb3 Be7 8. Be3 Be6 9. Qe2 0-0 10. 0-0-0 Na5 11. Qb5 Nxb3+ 12. axb3 Qc7 13. g4 Rfc8 14. g5 Nd7 15. h4 a6 16. Qe2 b5 17. Kb1 Rab8 18. Bh3 b4 19. Nd5 Bxd5 20. Rxd5 Rd8 21. Qxa6 Ra8 22. Qb5 Nc5 23. Bxc5 dxc5 24. Rhd1 Rdb8 25. Rd7 Rxb5 26. Rxc7 Rba5 27. Rc8+ Rxc8 28. Bxc8 Ra8 29. Bb7 Rd8 30. Bd5 g6 31. c3 Kg7 32. Kc2 f6 33. Ra1 Rd7 34. Rg1 fxg5 35. hxg5 Rd8 36. Kd3 Rf8 37. Ke2 Rd8 38. Kd3 Rf8 1/2-1/2

[Event "Pamplona-A 19th"]
[Site "Pamplona"]
[Date "2009.12.07"]
[Round "8"]
[White "Garbisu de Goni, Unai"]
[Black "Cuadras Avellana, Jordi"]
[Result "1-0"]
[WhiteElo "2467"]
[BlackElo "2331"]
[PlyCount "43"]
[EventDate "2009.12.01"]
[EventType "tourn"]
[EventRounds "9"]
[EventCountry "ESP"]
[EventCategory "9"]
[SourceTitle "CBM 133 Extra"]
[Source "ChessBase"]
[SourceDate "2010.01.05"]
[SourceVersion "1"]
[SourceVersionDate "2010.01.05"]
[SourceQuality "1"]

1. e4 c6 2. c4 d5 3. exd5 cxd5 4. cxd5 Nf6 5. Nc3 Nxd5 6. d4 Nxc3 7. bxc3 Qc7 8. Bd2 g6 9. Nf3 Bg7 10. Bd3 Nc6 11. 0-0 0-0 12. Rb1 b6 13. Re1 Bb7 14. Qe2 Rad8 15. Bg5 Rd7 16. Bb5 Ra8 17. Qe3 a6 18. Ba4 b5 19. Bf4 Qd8 20. Bb3 Qf8 21. Ng5 Nd8 22. Qh3 1-0